000 00548nam a2200193Ia 4500
003 OSt
005 20191228102406.0
008 190216s9999||||xx |||||||||||||| ||und||
020 _a9780333778227
040 _coclc
082 _a330.0182
_bKOU/T
100 _aKoutsoyiannis, A
_9460
245 0 _aTheory Of Econometrics /
_cA Koutsoyiannis
250 _a2nd ed.
260 _bPal Grave Publications,
_c2001.
_aNew Delhi:
300 _a681p
650 _aEconomics
942 _cBK
_2ddc
_h330.0182
_iKOU/T
_k330.0182
_mKOU/T
999 _c10549
_d10549